Gastro-INTESTINAL PARASITES IN CHICKEN AT KHVAV COMMUNE, SAMRAONG DISTRICT TAKEO PROVINCE, បរាសិតក្នុងប្រដាប់រំលាយអាហារមាន់ នៅឃុំខ្វាវ ស្រុក សំរោង ខេត្តតាកែវ (Record no. 24741)

000 -LEADER
fixed length control field 00656nam a22001337a 4500
040 ## - CATALOGING SOURCE
Transcribing agency RUA
082 ## - DEWEY DECIMAL CLASSIFICATION NUMBER
Classification number VEM KHE 2024 B1.330 Or.1
100 ## - MAIN ENTRY--AUTHOR NAME
Personal name KHEANG SAK, ឃៀង សាក់
245 ## - TITLE STATEMENT
Title Gastro-INTESTINAL PARASITES IN CHICKEN AT KHVAV COMMUNE, SAMRAONG DISTRICT TAKEO PROVINCE, បរាសិតក្នុងប្រដាប់រំលាយអាហារមាន់ នៅឃុំខ្វាវ ស្រុក សំរោង ខេត្តតាកែវ
260 ## - PUBLICATION, DISTRIBUTION, ETC. (IMPRINT)
Place of publication PHNOM PENH
Name of publisher RUA
Year of publication 2024
300 ## - PHYSICAL DESCRIPTION
Number of Pages ix,
Other physical details ill,
Dimensions 29cm,
856 ## - ELECTRONIC LOCATION AND ACCESS
Uniform Resource Identifier https://drive.google.com/file/d/11BMMDRUt0z2DtIQ0TDD44azvpMjF56Je/view?usp=sharing
942 ## - ADDED ENTRY ELEMENTS (KOHA)
Koha item type VEM
952 ## - LOCATION AND ITEM INFORMATION (KOHA)
Withdrawn status [LOCAL, KOHA] 0
952 ## - LOCATION AND ITEM INFORMATION (KOHA)
Withdrawn status [LOCAL, KOHA] 0
Holdings
Permanent Location Date acquired Koha item type Lost status Shelving location Barcode Current Location Full call number
Library Block B2025-04-29VEM B1.330A083277Library Block BVEM KHE 2024 B1.330 Or.1
Library Block B2025-04-29VEM B1.330A082683Library Block BVEM KHE 2024 B1.330 Or.2
មជ្ឈមណ្ឌលឯការនៃសាកលវិទ្យាល័យភូមិន្ទកសិកម្មចំការដូង

Powered by Koha